|
|
|
|
| LEADER |
00000nam a2200000 a 4500 |
| 001 |
UCL2116 |
| 003 |
CL-VaPUC |
| 008 |
031010e19550000SP |||||||||||||||||spa|d |
| 082 |
0 |
4 |
|a 232.958
|b HAU
|2 21
|
| 100 |
|
|
|a Hauret, Charles
|e author
|9 584392
|
| 245 |
1 |
3 |
|a La despedida del Señor: Juan, XIII-XVII
|
| 300 |
|
|
|a 333 p
|
| 942 |
|
|
|c BK
|
| 945 |
|
|
|d 20031010 00:00:00
|a vberengu
|
| 260 |
|
|
|a Madrid
|b Rialp
|c 1955
|
| 650 |
|
7 |
|a ULTIMA CENA
|2 CL-VaPUC
|9 315102
|
| 583 |
|
|
|a last modification
|c 20031010 00:00:00
|k Rodrigo Vera
|
| 999 |
|
|
|c 305476
|d 305474
|
| 952 |
|
|
|0 0
|1 2
|4 0
|6 232_958000000000000_HAU_1955
|7 0
|8 A
|9 369391
|a BIBTEO
|b BIBTEO
|d 2019-11-21
|i 2079771
|o 232.958 HAU 1955
|p 2079771
|r 2019-11-21
|w 2019-11-21
|x Descarte 2019
|y BK
|k ICR
|